LEADER 01109cam2 22002773 450 001 SOB000000464 005 20120625092959.0 100 $a20010117d1964 |||||ita|0103 ba 101 $alat 102 $aDE 200 0 $a1$fUdalricus Zasius (Ulrich Zasy)$gHerausgegeben von Johann Ulrich Zasius (Zasy)$gund Joachim Munsinger von Frundeck 205 $aNeudruck der Ausgabe Lyon 1550 210 $aAalen$cScientia Verlag$d1964 215 $a511 p.$d32 cm 461 1$1001SOBE00026412$12001 $aOpera omnia : [in 7 Bänden] / Udalricus Zasius (Ulrich Zasy) ; herausgegeben von Johann Ulrich Zasius (Zasy) und Joachim Munsinger von Frundeck 700 1$aZasius$b, Ulrich <1461-1535>$3AF00008365$4070$0780483 702 1$aFRUNDECK, Joachim Munsinger von$3AF00019432$4070 801 0$aIT$bUNISOB$c20120625$gRICA 850 $aUNISOB 852 $aUNISOB$j340$m89986 912 $aSOB000000464 940 $aM 102 Monografia moderna SBN 941 $aM 957 $a340$b000866$i-1$gSI$d89986$racquisto$1bethb$2UNISOB$3UNISOB$420120524091408.0$520120625112632.0$6bethb 996 $a1$91678049 997 $aUNISOB